000 00563nam a2200193Ia 4500
005 20250508152132.0
008 008 250505s9999 xx 000 0 eng d
037 _aBooks to be hide in OPAC
040 _aFEDL
_beng
_cFEDL
041 _aeng
_2eng
084 _a371.9, KOU/O
_qFEDL
100 _aKough Jack
_9760838
245 0 _aTeacher's guidance handbook. Part 1
260 _aChicago
_bScience Research Associates
_c1955
300 _a145p.
700 _a Dehaan Robert F
_9760839
942 _cHB
_h371.9, KOU/O
999 _c1334499
_d1334499